000 00625nam a22002417a 4500
003 UA-OsUOA
001 119567
007 ta
008 20161103b un ||||| |||| 00| 0 ukr d
100 _aЗагребельний М. П.
090 _a82.09:929
_bЗ-14
942 _cBK
040 _aUA-OsUOA
_bukr
_cUA-OsUOA
_dUA-OsUOA
245 _aІван Драч
300 _a121 с.
955 _a1
041 _aukr
080 _a82.09:929
020 _a978-966-03-5098-4
260 _aХарків
_bФоліо
_c2014
650 7 _a82 Література. Літературознавство
_2UDC
999 _c405728
_d405728